Jugadores del primer equipo All-NBA - Estadísticas

Estadísticas generales
  • Esta prueba ha sido intentada 460 veces
  • La puntuación promedio es 31 de 54
Estadísticas de respuestas
# Selecciones Jugador % Correcto
13 Lebron James
98%
4 Stephen Curry
97%
10 Michael Jordan
94%
4 Nikola Jokić
93%
5 Luka Dončić
92%
6 G. Antetokounmpo
91%
11 Kobe Bryant
91%
1 DeAndre Jordan
90%
6 Kevin Durant
90%
8 Shaquille O'Neal
90%
6 James Harden
85%
1 Joel Embiid
84%
9 Magic Johnson
80%
10 Tim Duncan
80%
9 Larry Bird
78%
2 Russell Westbrook
77%
3 Jayson Tatum
76%
3 Scottie Pippen
76%
3 Steve Nash
74%
3 Allen Iverson
72%
11 Karl Malone
70%
4 Chris Paul
69%
4 Dirk Nowitzki
68%
4 Anthony Davis
66%
6 Hakeem Olajuwon
66%
1 Marc Gasol
66%
3 Kawhi Leonard
65%
2 Dwyane Wade
64%
2 John Stockton
62%
4 Kevin Garnett
62%
2 S. Gilgeous-Alexander
59%
1 Damian Lillard
57%
4 David Robinson
57%
4 Dwight Howard
56%
1 Derrick Rose
53%
5 Jason Kidd
53%
1 Devin Booker
50%
5 Charles Barkley
47%
1 Paul George
47%
1 Patrick Ewing
39%
2 Tracy McGrady
33%
2 Gary Payton
29%
1 Clyde Drexler
28%
1 Tim Hardaway
27%
2 Penny Hardaway
26%
1 Joakim Noah
23%
1 Kevin McHale
21%
1 Amare Stoudemire
17%
1 Chris Mullin
13%
1 Alonzo Mourning
12%
1 Grant Hill
11%
1 Mark Price
10%
1 Chris Webber
9%
1 Latrell Sprewell
9%
No se encontraron pruebas coincidentes
Distribución de puntuación
Porcentaje de gente con cada puntuación
Porcentaje por número respondido
Historial de tus puntuaciones
No has intentado esta prueba.